书目信息 |
| 题名: |
飘向天边的船儿
|
|
| 作者: | 吴语 著 | |
| 分册: | ||
| 出版信息: | 北京 中国文联出版社 2017 |
|
| 页数: | 292页 | |
| 开本: | 24cm | |
| 丛书名: | ||
| 单 册: | ||
| 中图分类: | I253.7 | |
| 科图分类: | ||
| 主题词: | 纪实文学--中国--当代 | |
| 电子资源: | ||
| ISBN: | 978-7-5190-3073-5 | |
| 000 | 00709nam0 2200229 450 | |
| 001 | 2232 | |
| 005 | 20180522173450.63 | |
| 010 | @a978-7-5190-3073-5@dCNY58.00 | |
| 100 | @a20180315d2017 em y0chiy50 ea | |
| 101 | 0 | @achi |
| 102 | @aCN@b110000 | |
| 105 | @ay z 000zb | |
| 200 | 1 | @a飘向天边的船儿@9piao xiang tian bian de chuan er@e全国优秀教师袁刚的故事@f吴语著 |
| 210 | @a北京@c中国文联出版社@d2017 | |
| 215 | @a292页@d24cm | |
| 300 | @a长篇纪实文学 | |
| 517 | 1 | @a全国优秀教师袁刚的故事@9quan guo you xiu jiao shi yuan gang de gu shi |
| 606 | 0 | @a纪实文学@y中国@z当代 |
| 690 | @aI253.7@v5 | |
| 701 | 0 | @a吴语@9wu yu@f(1968~)@4著 |
| 801 | 0 | @aCN@b91MARC@c20180315 |
| 905 | @aMuseLib@dI253.7@e1024 | |
| 飘向天边的船儿:全国优秀教师袁刚的故事/吴语著.-北京:中国文联出版社,2017 |
| 292页;24cm |
| 长篇纪实文学 |
| ISBN 978-7-5190-3073-5:CNY58.00 |
| ● |
| 相关链接 |
|
|
|
|
正题名:飘向天边的船儿
索取号:I253.7/1024
 
预约/预借
| 序号 | 登录号 | 条形码 | 馆藏地/架位号 | 状态 | 备注 |
| 1 | 1108486 | 211084869 | 第一样本阅览室/ [索取号:I253.7/1024] | 在馆 | |
| 2 | 1108487 | 211084878 | 教育系资料室/ [索取号:I253.7/1024] | 在馆 | |
| 3 | 1108488 | 211084887 | 教育系资料室/ [索取号:I253.7/1024] | 在馆 | |
| 4 | 1108489 | 211084896 | 教育系资料室/ [索取号:I253.7/1024] | 在馆 | |
| 5 | 1108490 | 211084903 | 第二借阅区/ [索取号:I253.7/1024] | 在馆 | |
| 6 | 1108491 | 211084912 | 第二借阅区/ [索取号:I253.7/1024] | 在馆 |